| 000 | 00988nam a22002177a 4500 | ||
|---|---|---|---|
| 003 | OSt | ||
| 005 | 20260310004910.0 | ||
| 008 | 260310b |||||||| |||| 00| 0 eng d | ||
| 020 | _a9781402724992 | ||
| 040 |
_aDWCL GS lib _cOC |
||
| 082 | _2Fic. H678 2006 | ||
| 100 | _aAndreasen Dan | ||
| 245 |
_aThe Adventures of Huckleberry Finn _cDan Andreasen |
||
| 260 |
_aNew York _bSterling Publishing Co., Inc. _c2006 |
||
| 300 |
_aExtent- vii, 153 pages: _billustrations ; _c23cm |
||
| 520 | _aa young boy fleeing his abusive father, and Jim, a man escaping slavery, on a picaresque journey down the Mississippi River. | ||
| 650 | _aa young boy escaping from his abusive father, and Jim, a runaway slave, as they travel down the Mississippi River in pre-Civil War America. | ||
| 650 | _avalue empathy and individual humanity over society's "deformed" conscience, culminating in his decision to protect Jim at the risk of his own salvation. | ||
| 700 | _aMark Twain | ||
| 942 |
_2ddc _cFIC. _n0 |
||
| 999 |
_c8792 _d8792 |
||